| 000 | 00598nam a22002057a 4500 | ||
|---|---|---|---|
| 003 | OSt | ||
| 005 | 20251001050911.0 | ||
| 008 | 251001b |||||||| |||| 00| 0 eng d | ||
| 020 | _a068803140 | ||
| 040 |
_aDWCL-Main lib _cOC |
||
| 082 | _aCirc. 641.594 G929m 1976 | ||
| 100 | _aGerard's Michel | ||
| 245 |
_aMichel Guerard's cuisine minceur/ _cMichel Gerard's |
||
| 260 |
_aNew York: _bWilliam Morrow, _cc1976 |
||
| 300 |
_a320 pages: _billustrations; _c23cm. |
||
| 504 | _aIncludes index | ||
| 650 | _a1. Cooking, French | ||
| 650 | _a2. Low-calorie diet | ||
| 942 |
_2ddc _cBK-CIRC _kCirc. _n0 |
||
| 999 |
_c4605 _d4605 |
||